|
|
|
|
| LEADER |
01337nam a2200397 a 4500 |
| 001 |
nkc20081791141 |
| 003 |
CZ PrNK |
| 005 |
20080507092507.0 |
| 007 |
ta |
| 008 |
080211s2007 xr a e f 000 0 cze |
| 015 |
|
|
|a cnb001791141
|
| 020 |
|
|
|q (Skládanka)
|
| 040 |
|
|
|a BOA001
|b cze
|
| 043 |
|
|
|a e-xr---
|b e-xr-pa
|2 czenas
|
| 072 |
|
7 |
|a 59
|x Zoologie
|2 Konspekt
|9 2
|
| 080 |
|
|
|a 597/599
|2 MRF
|
| 080 |
|
|
|a 591.9
|2 MRF
|
| 080 |
|
|
|a 504:592/599
|2 MRF
|
| 080 |
|
|
|a 502.17
|2 MRF
|
| 080 |
|
|
|a (437.314)
|2 MRF
|
| 080 |
|
|
|a (036)
|2 MRF
|
| 100 |
1 |
|
|a Lemberková, Marcela,
|d 1964-
|7 mzk2008434121
|4 aut
|
| 245 |
1 |
0 |
|a Obratlovci Pardubického kraje :
|b Natura 2000 /
|c [text Marcela Lemberková]
|
| 260 |
|
|
|a Pardubice :
|b Pardubický kraj,
|c c2007
|
| 300 |
|
|
|a [12] s. :
|b barev. il. ;
|c 21 cm
|
| 650 |
0 |
7 |
|a obratlovci
|7 ph115534
|2 czenas
|
| 650 |
0 |
7 |
|a fauna
|7 ph114529
|z Česko
|2 czenas
|
| 650 |
0 |
7 |
|a ohrožené druhy živočichů
|7 ph115572
|z Česko
|2 czenas
|
| 650 |
0 |
7 |
|a ochrana přírody
|7 ph115552
|z Česko
|2 czenas
|
| 655 |
|
7 |
|a informační publikace
|7 fd132454
|2 czenas
|
| 651 |
|
7 |
|a Pardubický kraj (Česko : 2000-)
|7 ge135828
|2 czenas
|
| 910 |
2 |
|
|a BOA001
|b 2-1199.395
|
| 990 |
|
|
|a BK
|
| 995 |
|
|
|a 60
|
| 991 |
|
|
|b 200803
|c NOV
|
| 996 |
6 |
|
|b 2610336114
|c 2-1199.395
|l MZK
|r Sklad / do 1 hodiny
|n 1
|p p.v.
|w 000885627
|u 000010
|a 1
|e BOA001
|j MZK50
|s P
|